[Event "A.Arkanov Memorial"]
[Site "Gorno-Altaisk"]
[Date "2017.11.01"]
[Round "10.7"]
[White "Sviridov, Valery"]
[Black "Boiarintsev, Vitaly"]
[Result "0-1"]
[BlackElo "2432"]
[WhiteElo "2505"]
[LiveChessVersion "1.4.8"]

1. d4 {[%clk 0:12:19]} g6 {[%clk 0:15:19]} 2. e4 {[%clk 0:12:25]} Bg7
{[%clk 0:15:27]} 3. Nc3 {[%clk 0:12:32]} c5 {[%clk 0:15:36]} 4. dxc5
{[%clk 0:12:31]} Qa5 {[%clk 0:15:44]} 5. Bd2 {[%clk 0:12:33]} Qxc5
{[%clk 0:15:52]} 6. Nd5 {[%clk 0:12:39]} Na6 {[%clk 0:16:01]} 7. Bxa6
{[%clk 0:12:32]} bxa6 {[%clk 0:16:09]} 8. Bb4 {[%clk 0:12:39]} Qc6
{[%clk 0:15:58]} 9. Nf3 {[%clk 0:12:46]} Bb7 {[%clk 0:15:02]} 10. O-O
{[%clk 0:12:08]} f5 {[%clk 0:14:52]} 11. Bc3 {[%clk 0:08:26]} Bxc3
{[%clk 0:14:42]} 12. Nxc3 {[%clk 0:08:34]} fxe4 {[%clk 0:14:49]} 13. Nd4
{[%clk 0:08:32]} Qc7 {[%clk 0:12:21]} 14. Nb3 {[%clk 0:07:28]} Nf6
{[%clk 0:12:23]} 15. Qd4 {[%clk 0:07:15]} d6 {[%clk 0:05:38]} 16. Qa4+
{[%clk 0:05:57]} Qd7 {[%clk 0:04:33]} 17. Qxd7+ {[%clk 0:05:58]} Kxd7
{[%clk 0:04:41]} 18. Rad1 {[%clk 0:05:40]} Rhc8 {[%clk 0:04:20]} 19. Rfe1
{[%clk 0:05:38]} Rab8 {[%clk 0:04:12]} 20. Rd4 {[%clk 0:05:18]} Ba8
{[%clk 0:04:02]} 21. Red1 {[%clk 0:04:50]} Rb6 {[%clk 0:03:47]} 22. R1d2
{[%clk 0:04:18]} e5 {[%clk 0:03:37]} 23. Ra4 {[%clk 0:04:23]} Ke7
{[%clk 0:03:11]} 24. Ne2 {[%clk 0:04:07]} e3 {[%clk 0:02:22]} 25. fxe3
{[%clk 0:04:13]} Ne4 {[%clk 0:02:30]} 26. Rxe4 {[%clk 0:03:13]} Bxe4
{[%clk 0:02:39]} 27. Nc3 {[%clk 0:03:21]} Bc6 {[%clk 0:02:34]} 28. Kf2
{[%clk 0:03:07]} a5 {[%clk 0:02:34]} 29. Nd1 {[%clk 0:03:03]} a4 {[%clk 0:02:35]}
30. Nc1 {[%clk 0:03:11]} Rf8+ {[%clk 0:02:38]} 31. Kg1 {[%clk 0:03:18]} Bb5
{[%clk 0:02:43]} 32. Nf2 {[%clk 0:03:20]} Ke6 {[%clk 0:02:38]} 33. a3
{[%clk 0:03:10]} Bc4 {[%clk 0:02:36]} 34. Ncd3 {[%clk 0:03:04]} a5
{[%clk 0:02:17]} 35. Nd1 {[%clk 0:03:11]} Bxd3 {[%clk 0:00:59]} 36. Rxd3
{[%clk 0:03:01]} Rc8 {[%clk 0:00:54]} 37. Rd2 {[%clk 0:03:10]} d5
{[%clk 0:01:01]} 38. Kf1 {[%clk 0:03:18]} Rbc6 {[%clk 0:01:06]} 39. Nc3
{[%clk 0:03:25]} Rc4 {[%clk 0:01:07]} 40. Ke1 {[%clk 0:03:21]} Rxc3
{[%clk 0:00:59]} 41. bxc3 {[%clk 0:03:29]} Rxc3 {[%clk 0:01:08]} 42. Ke2
{[%clk 0:03:26]} Rxa3 {[%clk 0:01:17]} 43. Rd1 {[%clk 0:03:35]} Rc3
{[%clk 0:01:20]} 44. Kd2 {[%clk 0:03:43]} Rc4 {[%clk 0:01:16]} 45. Rb1
{[%clk 0:03:51]} Rb4 {[%clk 0:01:24]} 46. Ra1 {[%clk 0:03:44]} Kd6
{[%clk 0:01:31]} 47. Kc3 {[%clk 0:03:34]} Kc5 {[%clk 0:01:36]} 48. Rf1
{[%clk 0:03:37]} a3 {[%clk 0:01:38]} 49. Ra1 {[%clk 0:03:37]} Ra4
{[%clk 0:01:32]} 50. Kb3 {[%clk 0:03:43]} Kb5 {[%clk 0:01:32]} 51. Ka2
{[%clk 0:03:40]} Rc4 52. Rd1 {[%clk 0:02:58]} Rxc2+ {[%clk 0:01:28]} 53. Kb3
{[%clk 0:03:06]} Rc5 {[%clk 0:01:23]} 54. Kxa3 {[%clk 0:03:12]} Rc3+
{[%clk 0:01:13]} 55. Kb2 {[%clk 0:03:21]} Kc4 {[%clk 0:01:16]} 0-1

[Event "A.Arkanov Memorial"]
[Site "Gorno-Altaisk"]
[Date "2017.11.01"]
[Round "10.8"]
[White "Bachin, Vitaly"]
[Black "Sapozhnikov, Evgeny"]
[Result "1-0"]
[BlackElo "2133"]
[WhiteElo "2417"]
[LiveChessVersion "1.4.8"]

1. e4 {[%clk 0:15:19]} c5 {[%clk 0:15:19]} 2. Nc3 {[%clk 0:15:27]} e6
{[%clk 0:15:27]} 3. f4 {[%clk 0:15:35]} d5 {[%clk 0:15:30]} 4. exd5
{[%clk 0:15:43]} exd5 {[%clk 0:15:38]} 5. Bb5+ {[%clk 0:15:51]} Nc6
{[%clk 0:15:45]} 6. Nf3 {[%clk 0:16:00]} d4 {[%clk 0:15:14]} 7. Qe2+
{[%clk 0:15:40]} Qe7 {[%clk 0:14:16]} 8. Ne4 {[%clk 0:15:47]} Kd8
{[%clk 0:11:45]} 9. Bxc6 {[%clk 0:13:58]} bxc6 {[%clk 0:11:53]} 10. b3
{[%clk 0:13:07]} f5 {[%clk 0:11:27]} 11. Ne5 {[%clk 0:13:09]} Kc7
{[%clk 0:10:40]} 12. Nf2 {[%clk 0:11:40]} Nf6 {[%clk 0:09:28]} 13. Ba3
{[%clk 0:11:39]} Nd5 {[%clk 0:09:07]} 14. g3 {[%clk 0:09:44]} a5 {[%clk 0:08:56]}
15. Qf3 {[%clk 0:09:33]} a4 {[%clk 0:06:53]} 16. c4 {[%clk 0:08:29]} dxc3
{[%clk 0:06:31]} 17. dxc3 {[%clk 0:08:37]} Qf6 {[%clk 0:05:37]} 18. O-O
{[%clk 0:08:18]} Bd6 {[%clk 0:05:14]} 19. c4 {[%clk 0:08:16]} Ne7
{[%clk 0:05:15]} 20. Nfd3 {[%clk 0:08:09]} Bb7 {[%clk 0:04:57]} 21. Bxc5
{[%clk 0:07:57]} Rhd8 {[%clk 0:04:46]} 22. b4 {[%clk 0:07:18]} Ng6
{[%clk 0:04:44]} 23. Rae1 {[%clk 0:07:10]} Bxc5+ {[%clk 0:04:16]} 24. Nxc5
{[%clk 0:07:18]} Rd6 {[%clk 0:04:06]} 25. Re3 {[%clk 0:07:03]} Rd4
{[%clk 0:03:38]} 26. Nxg6 {[%clk 0:06:51]} hxg6 {[%clk 0:03:35]} 27. Ne6+
{[%clk 0:06:58]} Kb6 {[%clk 0:03:44]} 28. Nxd4 {[%clk 0:06:27]} Qxd4
{[%clk 0:03:52]} 29. Qf2 {[%clk 0:06:21]} Ka6 {[%clk 0:03:43]} 30. b5+
{[%clk 0:06:03]} cxb5 {[%clk 0:03:32]} 31. Re6+ {[%clk 0:06:06]} 1-0

[Event "A.Arkanov Memorial"]
[Site "Gorno-Altaisk"]
[Date "2017.11.01"]
[Round "10.9"]
[White "Solonkov, Dmitrij"]
[Black "Bocharov, Ivan"]
[Result "0-1"]
[BlackElo "2598"]
[WhiteElo "2423"]
[LiveChessVersion "1.4.8"]

1. e4 {[%clk 0:15:18]} e5 {[%clk 0:15:19]} 2. Nf3 {[%clk 0:15:26]} Nc6
{[%clk 0:15:28]} 3. Bc4 {[%clk 0:15:34]} Bc5 {[%clk 0:15:35]} 4. c3
{[%clk 0:15:36]} Nf6 {[%clk 0:15:40]} 5. b4 {[%clk 0:15:14]} Bb6 {[%clk 0:15:28]}
6. d3 {[%clk 0:15:19]} d6 {[%clk 0:15:06]} 7. a4 {[%clk 0:14:49]} a5
{[%clk 0:15:10]} 8. b5 {[%clk 0:14:57]} Ne7 {[%clk 0:15:18]} 9. O-O
{[%clk 0:14:48]} O-O {[%clk 0:15:23]} 10. Nbd2 {[%clk 0:14:57]} Ng6
{[%clk 0:15:25]} 11. Bb3 {[%clk 0:14:45]} Nd7 {[%clk 0:13:25]} 12. Nc4
{[%clk 0:14:31]} Nc5 {[%clk 0:12:30]} 13. Bc2 {[%clk 0:13:48]} Ne6
{[%clk 0:10:52]} 14. Be3 {[%clk 0:11:03]} Bxe3 {[%clk 0:09:56]} 15. fxe3
{[%clk 0:10:40]} b6 {[%clk 0:09:50]} 16. d4 {[%clk 0:09:50]} Bb7 {[%clk 0:09:53]}
17. dxe5 {[%clk 0:08:32]} dxe5 {[%clk 0:09:53]} 18. Ncxe5 {[%clk 0:08:02]} Nc5
{[%clk 0:07:58]} 19. Nc6 {[%clk 0:06:42]} Bxc6 {[%clk 0:07:48]} 20. bxc6
{[%clk 0:06:48]} Qe8 {[%clk 0:07:28]} 21. e5 {[%clk 0:05:59]} Rd8
{[%clk 0:06:07]} 22. Qe2 {[%clk 0:06:07]} Nxe5 {[%clk 0:05:24]} 23. Ng5
{[%clk 0:04:54]} g6 {[%clk 0:05:27]} 24. Qf2 {[%clk 0:04:31]} h6 {[%clk 0:04:49]}
25. Ne4 {[%clk 0:03:35]} Nxe4 {[%clk 0:04:31]} 26. Bxe4 {[%clk 0:03:44]} Nc4
{[%clk 0:04:34]} 27. Qh4 {[%clk 0:02:15]} Nd2 {[%clk 0:04:28]} 28. Rf4
{[%clk 0:02:17]} Nxe4 {[%clk 0:02:57]} 29. Rxe4 {[%clk 0:02:24]} Qxc6
{[%clk 0:03:04]} 30. Rc4 {[%clk 0:02:17]} Qe6 {[%clk 0:02:54]} 31. Re4
{[%clk 0:02:08]} Qb3 {[%clk 0:02:47]} 32. Qxh6 {[%clk 0:01:53]} Qxc3
{[%clk 0:02:34]} 33. Rf1 {[%clk 0:01:51]} Rde8 {[%clk 0:02:37]} 34. Rxe8
{[%clk 0:00:30]} Rxe8 {[%clk 0:02:46]} 35. Kh1 {[%clk 0:00:23]} Qxe3
{[%clk 0:02:49]} 36. Qh4 {[%clk 0:00:29]} Qe7 {[%clk 0:01:57]} 37. Qf4
{[%clk 0:00:32]} Rd8 {[%clk 0:02:00]} 38. h3 {[%clk 0:00:33]} Rd5
{[%clk 0:02:06]} 39. Qf3 {[%clk 0:00:29]} Rf5 {[%clk 0:02:08]} 40. Qa8+
{[%clk 0:00:38]} Qf8 {[%clk 0:02:17]} 41. Qa6 {[%clk 0:00:42]} Rxf1+
{[%clk 0:02:22]} 42. Qxf1 {[%clk 0:00:51]} Qb4 {[%clk 0:02:27]} 43. Qd1
{[%clk 0:00:58]} Kg7 {[%clk 0:02:27]} 44. Qa1+ {[%clk 0:01:06]} Kg8
{[%clk 0:02:32]} 45. Qd1 {[%clk 0:01:15]} Qd6 {[%clk 0:02:37]} 46. Qg4
{[%clk 0:01:18]} Kg7 {[%clk 0:02:38]} 47. Qe4 {[%clk 0:01:20]} c5
{[%clk 0:02:42]} 48. Qb1 {[%clk 0:01:05]} c4 {[%clk 0:02:47]} 49. Qb5
{[%clk 0:01:09]} c3 {[%clk 0:02:52]} 50. Qc4 {[%clk 0:01:04]} Qc5
{[%clk 0:03:00]} 51. Qb3 {[%clk 0:00:54]} c2 {[%clk 0:03:05]} 52. Qb2+
{[%clk 0:01:03]} Kg8 {[%clk 0:03:11]} 53. Qc1 {[%clk 0:01:11]} Qc4
{[%clk 0:03:19]} 54. Kh2 {[%clk 0:01:14]} Qxa4 {[%clk 0:03:22]} 55. Qe3
{[%clk 0:01:18]} Qa1 {[%clk 0:03:25]} 0-1

[Event "A.Arkanov Memorial"]
[Site "Gorno-Altaisk"]
[Date "2017.11.01"]
[Round "10.10"]
[White "Khegay, Dmitriy"]
[Black "Gaydym, Michail"]
[Result "1-0"]
[BlackElo "2299"]
[WhiteElo "2542"]
[LiveChessVersion "1.4.8"]

1. d4 {[%clk 0:14:50]} d5 {[%clk 0:15:18]} 2. Bf4 {[%clk 0:14:58]} e6
{[%clk 0:15:24]} 3. e3 {[%clk 0:15:07]} Bd6 {[%clk 0:15:31]} 4. Bg3
{[%clk 0:15:16]} f5 {[%clk 0:15:38]} 5. c4 {[%clk 0:15:22]} c6 {[%clk 0:15:42]}
6. Nc3 {[%clk 0:15:31]} Nf6 {[%clk 0:15:49]} 7. Nf3 {[%clk 0:15:39]} O-O
{[%clk 0:15:55]} 8. Bd3 {[%clk 0:15:47]} Ne4 {[%clk 0:15:57]} 9. Bxd6
{[%clk 0:15:50]} Qxd6 {[%clk 0:16:03]} 10. O-O {[%clk 0:15:57]} Nd7
{[%clk 0:15:58]} 11. Qc2 {[%clk 0:15:58]} Ndf6 {[%clk 0:15:22]} 12. Ne5
{[%clk 0:15:58]} Bd7 {[%clk 0:15:17]} 13. Ne2 {[%clk 0:16:03]} Qe7
{[%clk 0:15:08]} 14. c5 {[%clk 0:15:51]} Be8 {[%clk 0:14:40]} 15. f3
{[%clk 0:15:59]} Ng5 {[%clk 0:14:46]} 16. b4 {[%clk 0:16:07]} Nf7
{[%clk 0:14:33]} 17. f4 {[%clk 0:15:26]} Ne4 {[%clk 0:12:59]} 18. a4
{[%clk 0:15:13]} a6 {[%clk 0:12:47]} 19. Bxe4 {[%clk 0:15:15]} fxe4
{[%clk 0:12:50]} 20. Nc3 {[%clk 0:15:09]} Rd8 {[%clk 0:12:23]} 21. Nxf7
{[%clk 0:14:54]} Bxf7 {[%clk 0:11:37]} 22. b5 {[%clk 0:15:02]} axb5
{[%clk 0:11:45]} 23. axb5 {[%clk 0:15:11]} Ra8 {[%clk 0:11:33]} 24. Qb2
{[%clk 0:14:33]} Bh5 {[%clk 0:10:42]} 25. Rxa8 {[%clk 0:11:48]} Rxa8
{[%clk 0:10:49]} 26. Ra1 {[%clk 0:11:57]} Rf8 {[%clk 0:10:13]} 27. Ra7
{[%clk 0:11:33]} Be8 {[%clk 0:10:20]} 28. b6 {[%clk 0:10:18]} g5 {[%clk 0:10:12]}
29. Qd2 {[%clk 0:10:01]} gxf4 {[%clk 0:08:46]} 30. exf4 {[%clk 0:10:09]} Bg6
{[%clk 0:08:11]} 31. Qe3 {[%clk 0:10:14]} Rf7 {[%clk 0:08:11]} 32. Nd1
{[%clk 0:09:31]} Qh4 {[%clk 0:07:32]} 33. g3 {[%clk 0:09:39]} Qf6
{[%clk 0:07:19]} 34. Nf2 {[%clk 0:09:10]} Qf5 {[%clk 0:06:05]} 35. h3
{[%clk 0:05:29]} h5 36. h4 Rg7 {[%clk 0:04:04]} 37. Kh2 {[%clk 0:05:36]} Kh7
{[%clk 0:03:30]} 38. Nh3 {[%clk 0:05:41]} Qg4 {[%clk 0:03:36]} 39. Ng5+
{[%clk 0:05:45]} Kh6 {[%clk 0:03:22]} 40. Nxe6 {[%clk 0:05:20]} Bf5
{[%clk 0:02:37]} 41. Nxg7 {[%clk 0:04:56]} Qxg7 {[%clk 0:02:24]} 42. Kg2
{[%clk 0:04:36]} Kg6 {[%clk 0:01:14]} 43. Kf2 {[%clk 0:04:32]} Kf6
{[%clk 0:01:08]} 44. Ke1 {[%clk 0:04:40]} Qd7 {[%clk 0:00:30]} 45. Qe2
{[%clk 0:04:37]} Qf7 {[%clk 0:00:25]} 46. Qe3 {[%clk 0:03:31]} Ke6
{[%clk 0:00:26]} 47. Kd2 {[%clk 0:03:36]} Qg7 {[%clk 0:00:28]} 48. Ra8
{[%clk 0:02:36]} Qg4 {[%clk 0:00:21]} 49. Re8+ {[%clk 0:02:16]} Kf6
{[%clk 0:00:18]} 50. Rf8+ {[%clk 0:02:25]} Ke6 {[%clk 0:00:27]} 51. Rb8
{[%clk 0:01:47]} Qh3 {[%clk 0:00:18]} 52. Rxb7 {[%clk 0:01:02]} Qg2+
{[%clk 0:00:25]} 53. Kc3 {[%clk 0:01:07]} Qa2 {[%clk 0:00:15]} 54. Ra7
{[%clk 0:01:16]} Qc4+ {[%clk 0:00:23]} 55. Kd2 {[%clk 0:01:24]} Qb4+
{[%clk 0:00:21]} 56. Kc2 Qc4+ 57. Kb2 {[%clk 0:01:09]} Qb5+ {[%clk 0:00:22]} 58.
Ka3 {[%clk 0:00:51]} Qb1 {[%clk 0:00:20]} 59. Qc3 {[%clk 0:00:57]} Kf6
{[%clk 0:00:18]} 60. Ra4 {[%clk 0:00:49]} e3 {[%clk 0:00:18]} 61. Rb4
{[%clk 0:00:35]} Qf1 {[%clk 0:00:23]} 62. b7 {[%clk 0:00:22]} Qa6+
{[%clk 0:00:31]} 63. Kb3 {[%clk 0:00:29]} Bb1 {[%clk 0:00:34]} 64. Kb2
{[%clk 0:00:23]} Qa2+ {[%clk 0:00:30]} 65. Kc1 {[%clk 0:00:32]} e2
{[%clk 0:00:14]} 66. Rxb1 {[%clk 0:00:41]} e1=R+ {[%clk 0:00:19]} 67. Qxe1
{[%clk 0:00:49]} Qc4+ {[%clk 0:00:28]} 68. Kb2 {[%clk 0:00:55]} Qb5+
{[%clk 0:00:35]} 69. Kc2 {[%clk 0:01:02]} Qc4+ {[%clk 0:00:44]} 70. Qc3
{[%clk 0:01:11]} Qe2+ {[%clk 0:00:52]} 71. Kb3 {[%clk 0:00:46]} Qb5+
{[%clk 0:00:59]} 72. Qb4 {[%clk 0:00:51]} Qd3+ {[%clk 0:01:07]} 73. Ka2
{[%clk 0:00:53]} Qa6+ 74. Qa3 Qc4+ {[%clk 0:00:52]} 75. Ka1 {[%clk 0:01:01]} 1-0

[Event "A.Arkanov Memorial"]
[Site "Gorno-Altaisk"]
[Date "2017.11.01"]
[Round "10.11"]
[White "Gritsenko, Alexey"]
[Black "Vassiliev, G."]
[Result "0-1"]
[BlackElo "2034"]
[WhiteElo "2076"]
[LiveChessVersion "1.4.8"]

1. d4 {[%clk 0:14:56]} c5 {[%clk 0:15:01]} 2. c3 {[%clk 0:15:03]} b6
{[%clk 0:14:47]} 3. Bf4 {[%clk 0:15:09]} Bb7 {[%clk 0:14:52]} 4. Nd2
{[%clk 0:15:14]} Nf6 {[%clk 0:15:00]} 5. Ngf3 {[%clk 0:15:21]} d6
{[%clk 0:14:57]} 6. e3 {[%clk 0:15:23]} Nbd7 {[%clk 0:14:13]} 7. Be2
{[%clk 0:15:05]} g6 {[%clk 0:14:12]} 8. O-O {[%clk 0:14:47]} Bg7 {[%clk 0:14:13]}
9. Re1 {[%clk 0:14:42]} O-O {[%clk 0:14:20]} 10. h3 {[%clk 0:14:46]} Re8
{[%clk 0:14:25]} 11. Bf1 {[%clk 0:14:33]} e5 {[%clk 0:14:12]} 12. dxe5
{[%clk 0:14:36]} Nxe5 {[%clk 0:14:16]} 13. Nxe5 {[%clk 0:13:42]} dxe5
{[%clk 0:14:23]} 14. Bg5 {[%clk 0:13:51]} Qc7 {[%clk 0:14:21]} 15. Bxf6
{[%clk 0:13:54]} Bxf6 {[%clk 0:14:28]} 16. e4 {[%clk 0:13:54]} Rad8
{[%clk 0:14:12]} 17. Qc2 {[%clk 0:14:02]} Re7 {[%clk 0:13:33]} 18. Nc4
{[%clk 0:11:06]} Red7 {[%clk 0:12:53]} 19. a4 {[%clk 0:10:00]} Bg5
{[%clk 0:12:30]} 20. Rad1 {[%clk 0:09:02]} Rxd1 {[%clk 0:12:05]} 21. Rxd1
{[%clk 0:09:11]} Rxd1 {[%clk 0:12:11]} 22. Qxd1 Bxe4 {[%clk 0:09:59]} 23. Qg4
{[%clk 0:09:18]} Bf4 {[%clk 0:10:04]} 24. g3 {[%clk 0:09:13]} Bf5
{[%clk 0:10:06]} 25. Qe2 {[%clk 0:09:12]} Bc1 {[%clk 0:09:38]} 26. Nxe5
{[%clk 0:08:31]} Bxb2 {[%clk 0:09:09]} 27. Nxg6 {[%clk 0:08:37]} hxg6
{[%clk 0:08:54]} 28. Qxb2 {[%clk 0:08:43]} Qe5 {[%clk 0:08:02]} 29. Qd2
{[%clk 0:08:03]} Be4 {[%clk 0:06:35]} 30. Qe3 {[%clk 0:07:48]} Qd5
{[%clk 0:06:24]} 31. Be2 {[%clk 0:06:14]} Kg7 {[%clk 0:05:43]} 32. h4
{[%clk 0:05:52]} Bc2 {[%clk 0:05:36]} 33. Qf4 {[%clk 0:05:12]} Qe6
{[%clk 0:04:58]} 34. Bc4 {[%clk 0:04:15]} Qf6 {[%clk 0:05:00]} 35. Qxf6+
{[%clk 0:03:38]} Kxf6 {[%clk 0:05:09]} 36. Bb5 {[%clk 0:03:43]} a6
{[%clk 0:04:48]} 37. Bxa6 {[%clk 0:03:51]} Bxa4 {[%clk 0:04:56]} 38. Kf1
{[%clk 0:03:17]} Ke5 {[%clk 0:03:37]} 39. Bc4 {[%clk 0:03:11]} f6
{[%clk 0:03:34]} 40. Ke2 {[%clk 0:03:15]} Be8 {[%clk 0:03:11]} 41. Ke3
{[%clk 0:03:08]} b5 {[%clk 0:02:36]} 42. f4+ {[%clk 0:03:08]} Kd6
{[%clk 0:01:58]} 43. Bg8 {[%clk 0:03:09]} Bd7 {[%clk 0:01:42]} 44. Bf7
{[%clk 0:03:10]} Bf5 {[%clk 0:01:44]} 45. g4 {[%clk 0:02:48]} Ke7
{[%clk 0:01:15]} 46. Bd5 {[%clk 0:00:25]} Bxg4 {[%clk 0:01:19]} 47. Bc6
{[%clk 0:00:34]} Bd7 {[%clk 0:00:41]} 48. Be4 {[%clk 0:00:42]} Be8
{[%clk 0:00:36]} 49. Bd3 {[%clk 0:00:34]} Kd6 {[%clk 0:00:39]} 50. Be2
{[%clk 0:00:34]} b4 {[%clk 0:00:37]} 51. cxb4 {[%clk 0:00:43]} cxb4
{[%clk 0:00:46]} 52. Kd4 {[%clk 0:00:52]} Bf7 {[%clk 0:00:53]} 53. Bd3
{[%clk 0:00:48]} f5 {[%clk 0:00:22]} 54. Bb5 {[%clk 0:00:20]} b3 {[%clk 0:00:26]}
55. Kc3 {[%clk 0:00:19]} Kc5 {[%clk 0:00:32]} 56. Bd3 {[%clk 0:00:16]} b2
{[%clk 0:00:38]} 57. Bb1 {[%clk 0:00:18]} Be6 {[%clk 0:00:37]} 58. Bc2
{[%clk 0:00:15]} Bd7 {[%clk 0:00:11]} 59. Bd3 {[%clk 0:00:13]} Be8
{[%clk 0:00:11]} 60. Bc2 {[%clk 0:00:22]} Bb5 {[%clk 0:00:26]} 61. Bb1
{[%clk 0:00:35]} Bd7 {[%clk 0:00:28]} 62. Ba2 {[%clk 0:00:40]} Be8
{[%clk 0:00:35]} 63. Bb1 {[%clk 0:00:48]} Bd7 {[%clk 0:00:34]} 64. Ba2 Be8 65.
Bb1 {[%clk 0:00:35]} Kd5 {[%clk 0:00:43]} 66. Bd3 {[%clk 0:00:41]} Kc5
{[%clk 0:00:43]} 67. Bb1 {[%clk 0:00:34]} Bf7 {[%clk 0:00:27]} 68. Bc2
{[%clk 0:00:36]} Kb5 {[%clk 0:00:27]} 69. Kxb2 {[%clk 0:00:23]} Kb4
{[%clk 0:00:32]} 70. h5 {[%clk 0:00:30]} gxh5 {[%clk 0:00:38]} 71. Bxf5
{[%clk 0:00:39]} Kc4 {[%clk 0:00:41]} 72. Kc2 {[%clk 0:00:34]} Kd4
{[%clk 0:00:47]} 73. Kd2 {[%clk 0:00:42]} Bc4 {[%clk 0:00:55]} 74. Bg6
{[%clk 0:00:26]} h4 {[%clk 0:01:04]} 75. Ke1 {[%clk 0:00:34]} Ke3
{[%clk 0:01:12]} 76. Be8 {[%clk 0:00:36]} h3 {[%clk 0:01:14]} 77. f5
{[%clk 0:00:44]} Bd5 {[%clk 0:01:12]} 78. f6 {[%clk 0:00:49]} h2 {[%clk 0:01:21]}
0-1

[Event "A.Arkanov Memorial"]
[Site "Gorno-Altaisk"]
[Date "2017.11.01"]
[Round "10.12"]
[White "Maletina, Tatiana"]
[Black "Guempel, Viktor"]
[Result "1-0"]
[BlackElo "2171"]
[WhiteElo "2253"]
[LiveChessVersion "1.4.8"]

1. d4 {[%clk 0:15:18]} d5 {[%clk 0:15:19]} 2. c4 {[%clk 0:15:27]} c6
{[%clk 0:15:27]} 3. Nf3 {[%clk 0:15:35]} Nf6 {[%clk 0:15:35]} 4. Qc2
{[%clk 0:15:43]} e6 {[%clk 0:15:37]} 5. Nbd2 {[%clk 0:15:39]} Nbd7
{[%clk 0:15:40]} 6. g3 {[%clk 0:15:47]} Be7 {[%clk 0:15:07]} 7. Bg2
{[%clk 0:15:56]} O-O {[%clk 0:15:14]} 8. O-O {[%clk 0:16:04]} b6 {[%clk 0:14:58]}
9. e4 {[%clk 0:15:11]} dxe4 {[%clk 0:14:59]} 10. Ng5 {[%clk 0:15:06]} Bb7
{[%clk 0:14:23]} 11. Ngxe4 {[%clk 0:14:26]} Nxe4 {[%clk 0:13:11]} 12. Nxe4
{[%clk 0:14:34]} Nf6 {[%clk 0:12:45]} 13. Rd1 {[%clk 0:14:30]} Qc8
{[%clk 0:12:00]} 14. Bg5 {[%clk 0:12:50]} c5 {[%clk 0:10:24]} 15. Nxf6+
{[%clk 0:10:36]} Bxf6 {[%clk 0:10:27]} 16. Bxb7 {[%clk 0:10:42]} Qxb7
{[%clk 0:10:36]} 17. Bxf6 {[%clk 0:10:50]} gxf6 {[%clk 0:10:44]} 18. d5
{[%clk 0:10:59]} Rad8 {[%clk 0:10:13]} 19. Qe4 {[%clk 0:09:59]} Qe7
{[%clk 0:08:28]} 20. Re1 {[%clk 0:09:53]} Rfe8 {[%clk 0:08:09]} 21. Rad1
{[%clk 0:08:36]} Rd6 {[%clk 0:05:28]} 22. Re3 {[%clk 0:07:36]} Kg7
{[%clk 0:03:40]} 23. Rde1 {[%clk 0:07:24]} Qd7 {[%clk 0:03:19]} 24. Qg4+
{[%clk 0:07:12]} Kf8 {[%clk 0:03:18]} 25. Qf4 {[%clk 0:07:08]} Kg7
{[%clk 0:03:17]} 26. Rf3 {[%clk 0:07:02]} e5 {[%clk 0:03:19]} 27. Qe4
{[%clk 0:06:53]} b5 28. b3 bxc4 {[%clk 0:02:53]} 29. bxc4 {[%clk 0:07:02]} Rb8
{[%clk 0:03:00]} 30. Rf5 {[%clk 0:06:33]} Rb4 {[%clk 0:02:37]} 31. Rh5
{[%clk 0:06:29]} h6 {[%clk 0:02:06]} 32. Qe3 {[%clk 0:06:38]} Kf8
{[%clk 0:01:55]} 33. Qxh6+ {[%clk 0:06:46]} Ke7 {[%clk 0:02:04]} 34. Qh8
{[%clk 0:06:34]} Rxc4 {[%clk 0:01:52]} 35. Rhxe5+ {[%clk 0:05:47]} fxe5
{[%clk 0:01:48]} 36. Rxe5+ {[%clk 0:05:56]} Re6 {[%clk 0:01:49]} 37. dxe6
{[%clk 0:06:04]} Rc1+ {[%clk 0:01:07]} 38. Kg2 {[%clk 0:06:13]} Qc6+ 39. Kh3 fxe6
{[%clk 0:00:20]} 40. Re3 {[%clk 0:04:31]} Rc4 {[%clk 0:00:22]} 41. Qg7+
{[%clk 0:04:23]} Ke8 {[%clk 0:00:24]} 42. Qf6 {[%clk 0:04:24]} Kd7
{[%clk 0:00:00]} 1-0